Rovno pod kožu

Bibliographic Details
Format: Article
Language:Slovak
PhysicalDescription:Fotogr.
ISSN:0862-5999
Subjects:

MARC

LEADER 00000nab a2200000 a 4500
001 vtls000691128
003 SK-MaSNL
005 20260303043701.0
008 140422c1999 xo 0 slo
015 |a SNBRB1999/03-08360 
035 |a CLN000043295 
040 |a SNKBUCL  |b slo  |c SNKBUCL  |e AACR2 
041 0 |a slo 
044 |a xo  |c SK 
080 |a 82.09:885.4-2(048)  |2 1997 
080 |a 885.4-2(048)  |2 1997 
245 0 0 |a Rovno pod kožu  |c Miroslava Čierna 
300 |b Fotogr. 
650 0 7 |a hry divadelné slovenské  |x recenzie  |2 snkbucl  |9 848335 
655 7 |a články z novín a časopisov  |2 snkbucl  |9 267496 
773 0 |t Literárny týždenník  |g Roč. 12, č. 5 (1999), s. 6  |x 0862-5999 
787 0 8 |i Rec.:  |a Štepka, Stanislav, 1944-  |t Otcovské znamienka, alebo, Sedem naivných hriechov  |d Bratislava : Slovenský spisovateľ, 1998  |z 8022008907 
850 |a Slovenská národná knižnica v Martine 
852 |a SNK  |b KIS3GCP 
958 |a SK 
958 |a LX 
992 |a RBX 
999 |c 1697905  |d 1699835